Expedición al litoral central: del Rapel a Tunquén
সংরক্ষণ করুন:
| প্রধান লেখক: | |
|---|---|
| বিন্যাস: | গ্রন্থ |
| ভাষা: | স্প্যানিশ |
| প্রকাশিত: |
Santiago
Universitaria
2011
|
| বিষয়গুলি: | |
| ট্যাগগুলো: |
ট্যাগ যুক্ত করুন
কোনো ট্যাগ নেই, প্রথমজন হিসাবে ট্যাগ করুন!
|
MARC
| LEADER | 00000cam a2200000 a 4500 | ||
|---|---|---|---|
| 001 | UCF1949 | ||
| 003 | CL-VaPUC | ||
| 008 | 120802e20110000CL |||||||||||||||||spa|d | ||
| 020 | |a 9789561122956 | ||
| 082 | 0 | 4 | |a 918.83 |b JUL |2 21 |
| 100 | 0 | |a Jullian Fuentes, Andrés |e author |9 563515 | |
| 245 | 1 | 0 | |a Expedición al litoral central: del Rapel a Tunquén |
| 300 | |a 80 p | ||
| 942 | |c BK | ||
| 945 | |d 20120802 00:00:00 |a dcastane | ||
| 260 | |a Santiago |b Universitaria |c 2011 | ||
| 650 | 0 | |a Geografía física |9 259347 | |
| 650 | 0 | |a Medio ambiente natural |9 338575 | |
| 650 | 0 | |a Vegetación |9 264748 | |
| 650 | 0 | |a Flora y fauna |9 338564 | |
| 583 | |a last modification |c 20120802 10:35:00 |k Rodrigo Vera | ||
| 999 | |c 348633 |d 348631 | ||
| 952 | |0 0 |1 0 |4 0 |6 918_830000000000000_JUL_2011 |7 0 |8 A |9 450754 |a BIBING |b BIBING |d 2019-11-22 |i 4873637 |l 1 |o 918.83 JUL 2011 |p 4873637 |r 2025-01-20 |s 2024-03-15 |w 2019-11-22 |y BK |k CUI | ||